000 01081cad a22002295a 4500
001 L153114
008 110609s20110609xxkd f s 000 0 eng d
035 _a(Sirsi) u153114
041 0 _aeng
050 0 4 _a346.4104342 $2 18
110 2 _aRoyal Institution of Chartered Surveyors
_94900
245 0 0 _aRICS residential lettings survey Great Britain
_bApril 2011
_h[electronic resource]
260 _aLondon
_bRICS
_c2011
490 0 _aRICS Residential Lettings Survey Great Britain
_vApril 2011
520 _aResidential Rents remain buoyed by strong demand and limited supply. Rents continue to grow whilst expectations for further gains remain firm. Rental expectations positive across the country but particularly in London.
590 _aKA
650 2 4 _aRICS RESIDENTIAL LETTINGS SURVEY GREAT BRITAIN
651 4 _aGreat Britain
_y1707-
690 _aPROPERTY-RESIDENTIAL PROPERTY-RESIDENTIAL PROPERTY MARKET
856 4 0 _uhttps://www.rics.org/Global/Downloads/RICS_Residential_Lettings_Survey_April_2011.pdf
_zView the item free of charge at www.rics.org
942 _n0
999 _c112381
_d112381